000 01199cam a2200229 4500
001 ABS65875
008 020823n2002 000 0 eng u
035 _a(Sirsi) u119416
100 _aPugh-Smith, J
245 _aTrowels versus bulldozers
260 _c2002
490 _aEstates Gazette
_v(0230) 27 July 2002, 122-123(2)
520 _aDescribes the clash between archaeologists and developers. In England there are about 600 000 sites and monoments with 13 000 enjoying special protection as a 'scheduled monument'. Archaeologists are responsible for assessing, excavating and where necessary, preserving any historic remains found before or during development, while developers face additional costs from the delay and excavation and may even find their project stopped. Looks at the issues that face developers and how they should approach a planning application with any archaeological implications. Includes glossary of archaeological terms in the planning process.
590 _aABS
650 _aARCHAEOLOGY
650 _aPLANNING APPLICATIONS
650 _aDEVELOPERS
650 _aDEVELOPMENTS
650 _aPPG16
690 _aPlanning and development
_96259
942 _n0
999 _c70995
_d70995